MARC details
| 000 -LEADER |
| fixed length control field |
02076cam a2200421 i 4500 |
| 001 - CONTROL NUMBER |
| control field |
19706390 |
| 003 - CONTROL NUMBER IDENTIFIER |
| control field |
GZU |
| 005 - DATE AND TIME OF LATEST TRANSACTION |
| control field |
20210608101833.0 |
| 008 - FIXED-LENGTH DATA ELEMENTS--GENERAL INFORMATION |
| fixed length control field |
170613s2016 sa a b 001 0 eng d |
| 010 ## - LIBRARY OF CONGRESS CONTROL NUMBER |
| LC control number |
2017398192 |
| 020 ## - INTERNATIONAL STANDARD BOOK NUMBER |
| International Standard Book Number |
9781485119364 (paperback) |
| 020 ## - INTERNATIONAL STANDARD BOOK NUMBER |
| International Standard Book Number |
1485119367 (paperback) |
| 035 ## - SYSTEM CONTROL NUMBER |
| System control number |
(OCoLC)ocn978291214 |
| 040 ## - CATALOGING SOURCE |
| Original cataloging agency |
P4A |
| Language of cataloging |
eng |
| Transcribing agency |
P4A |
| Description conventions |
rda |
| Modifying agency |
OCLCQ |
| -- |
OI@ |
| -- |
OCLCF |
| -- |
Z@L |
| -- |
P4A |
| -- |
OCLCA |
| -- |
DLC |
| 042 ## - AUTHENTICATION CODE |
| Authentication code |
lccopycat |
| 043 ## - GEOGRAPHIC AREA CODE |
| Geographic area code |
f-sa--- |
| 050 00 - LIBRARY OF CONGRESS CALL NUMBER |
| Classification number |
KTL683 |
| Item number |
.D68 2016 |
| 082 04 - DEWEY DECIMAL CLASSIFICATION NUMBER |
| Classification number |
344.68063635 |
| Edition number |
23 |
| 100 1# - MAIN ENTRY--PERSONAL NAME |
| Personal name |
Downie, Leslie, |
| Relator term |
author. |
| 245 10 - TITLE STATEMENT |
| Title |
Pro-poor legal practice : |
| Remainder of title |
household rights and subsidised housing in South Africa / |
| Statement of responsibility, etc. |
Leslie Downie. |
| 264 #1 - PRODUCTION, PUBLICATION, DISTRIBUTION, MANUFACTURE, AND COPYRIGHT NOTICE |
| Place of production, publication, distribution, manufacture |
Cape Town : |
| Name of producer, publisher, distributor, manufacturer |
Juta, |
| Date of production, publication, distribution, manufacture, or copyright notice |
2016 |
| 300 ## - PHYSICAL DESCRIPTION |
| Extent |
xv, 197 pages : |
| Other physical details |
illustrations ; |
| Dimensions |
25 cm |
| 336 ## - CONTENT TYPE |
| Content type term |
text |
| Content type code |
txt |
| Source |
rdacontent |
| 337 ## - MEDIA TYPE |
| Media type term |
unmediated |
| Media type code |
n |
| Source |
rdamedia |
| 338 ## - CARRIER TYPE |
| Carrier type term |
volume |
| Carrier type code |
nc |
| Source |
rdacarrier |
| 504 ## - BIBLIOGRAPHY, ETC. NOTE |
| Bibliography, etc. note |
Includes bibliographical references (pages 179-189) and index. |
| 505 0# - FORMATTED CONTENTS NOTE |
| Formatted contents note |
Lawyer : know yourself -- Know you are on a frontier -- Know your client -- Categorising social issues for legal action -- Legal framework : marriage and cohabitation -- Legal framework : subsidised housing law and policy -- The big picture : current land tenure thinking -- Strategies for pro-poor prenuptial agreements -- The initial stages of client interaction -- Developing clauses for a prenuptial agreement -- Simulating clients to test your precedents -- Know that you don't know. |
| 650 #0 - SUBJECT ADDED ENTRY--TOPICAL TERM |
| Topical term or geographic name entry element |
Housing |
| General subdivision |
Law and legislation |
| Geographic subdivision |
South Africa. |
| 650 #0 - SUBJECT ADDED ENTRY--TOPICAL TERM |
| Topical term or geographic name entry element |
Housing subsidies |
| Geographic subdivision |
South Africa. |
| 650 #0 - SUBJECT ADDED ENTRY--TOPICAL TERM |
| Topical term or geographic name entry element |
Right to housing |
| Geographic subdivision |
South Africa. |
| 650 #7 - SUBJECT ADDED ENTRY--TOPICAL TERM |
| Topical term or geographic name entry element |
Housing. |
| Source of heading or term |
fast |
| Authority record control number or standard number |
(OCoLC)fst00962245 |
| 650 #7 - SUBJECT ADDED ENTRY--TOPICAL TERM |
| Topical term or geographic name entry element |
Housing subsidies. |
| Source of heading or term |
fast |
| Authority record control number or standard number |
(OCoLC)fst00962479 |
| 650 #7 - SUBJECT ADDED ENTRY--TOPICAL TERM |
| Topical term or geographic name entry element |
Right to housing. |
| Source of heading or term |
fast |
| Authority record control number or standard number |
(OCoLC)fst01097918 |
| 651 #7 - SUBJECT ADDED ENTRY--GEOGRAPHIC NAME |
| Geographic name |
South Africa. |
| Source of heading or term |
fast |
| Authority record control number or standard number |
(OCoLC)fst01204616 |
| 906 ## - LOCAL DATA ELEMENT F, LDF (RLIN) |
| a |
7 |
| b |
cbc |
| c |
copycat |
| d |
2 |
| e |
ncip |
| f |
20 |
| g |
y-gencatlg |
| 942 ## - ADDED ENTRY ELEMENTS (KOHA) |
| Source of classification or shelving scheme |
Library of Congress Classification |
| Koha item type |
Books |
| Classification part |
683 |
| Item part |
DOW |
| Call number prefix |
KTL |
| Call number suffix |
2016 |